000 00507cam a2200169 4500
001 WS116133
008 020104n 000 0 eng u
035 _a(Sirsi) u116133
245 _aWeb-Agri
520 _aWeb site for this international search engine for agricultural information.
650 _aAGRICULTURE
650 _aINTERNATIONAL
650 _aSEARCH ENGINE
690 _aRural
_96268
856 4 0 _uhttps://www.web-agri.com
_zView the website free of charge at www.web-agri.com...
942 _n0
999 _c119956
_d119956